02047 2200253 4500001002100000005001500021007000300036008004100039020002200080035002000102082001600122084002200138100002500160245010000185250001000285260003800295300003200333520132500365650002101690650002101711650002201732700001701754990002201771INLIS00000000000568020260408095326ta260408 0 ind  a978-979-582-384-1 a0010-0226000008 a63 : 338.43 a63 : 338.43 SUL s0 aSULAIMAN, Andi Amran1 aStrategi Pencapaian Swasembada Pangan Nasional /cAndi Amran Sulaiman; Zainul Azmi, Akbar Choer aEd. 1 aJakarta :bPertanian Press,c2025 axiv, 142 hal.; ilus.; 21 cm aPangan merupakan fondasi strategis bagi keberlangsungan dan stabilitas suatu bangsa. Bagi Indonesia sebagai negara agraris dengan jumlah penduduk besar dan potensi sumber daya alam yang luas, ketahanan dan kemandirian pangan menjadi agenda prioritas dalam pembangunan nasional. Dalam Rencana Pembangunan Jangka Menengah Nasional (RPJMN) 2025–2029 sebagaimana diatur dalam Peraturan Presiden Nomor 12 Tahun 2025, swasembada pangan ditetapkan sebagai salah satu sasaran program prioritas. RPJMN 2025–2029 menegaskan penguatan sektor pertanian melalui percepatan pembangunan infrastruktur pengairan, peningkatan kapasitas sumber daya manusia, serta pengembangan ekosistem pendukung produksi dan distribusi pangan. Kebijakan tersebut diarahkan untuk meletakkan fondasi yang kokoh dalam mewujudkan swasembada pangan secara berkelanjutan, sebagai bagian dari upaya menjaga kedaulatan dan meningkatkan kesejahteraan masyarakat. Buku ini menguraikan secara sistematis berbagai tantangan yang dihadapi dalam mewujudkan swasembada pangan, termasuk dampak perubahan iklim, urbanisasi, dan dinamika global. Selain itu, dipaparkan peran strategis Kementerian Pertanian dalam merumuskan dan melaksanakan kebijakan yang adaptif, terintegrasi, dan berbasis hasil guna memastikan tercapainya target pembangunan pangan nasional. 4aKebijakan Publik 4aKetahanan pangan 4aSwasembada Pangan0 aAzmi, Zainul a5112/BPPSDMP/2026